| 000 | 00473nam a2200193Ia 4500 | ||
|---|---|---|---|
| 005 | 20250423094753.0 | ||
| 008 | 250422s9999 xx 000 0 und d | ||
| 020 | _a9781496332288 | ||
| 050 | _aRB 145 .T87/ | ||
| 100 | _aTurgeon, Mary Louise | ||
| 245 | 0 | _aClinical hematology: theory and procedures | |
| 250 | _a6th ed. | ||
| 260 | _aPhiladelphia | ||
| 260 | _bWolters Kluwer | ||
| 260 | _c2018 | ||
| 300 | _a758 p | ||
| 650 | _a Hematology. | ||
| 942 | _cBK | ||
| 999 |
_c28245 _d28245 |
||